000 00605nam a2200217 i 4500
001 C2-0007081
003 PPAK
005 20190630221847.0
008 970125s1986 my |||| ||||| | may d
040 _aPPAK
_beng
_cPPAK
_erda
082 0 4 _a297.8
_223
090 0 0 _a297.8
_bABD
_dG
100 0 _aAbd. Halim El-Muhammady,
_eauthor
245 1 0 _aPerbezaan aliran mazhab fiqh
264 1 _aKuala Lumpur :
_bAngkatan Belia Islam Malaysia (ABIM) ,
_c1986
300 _a111 pages ;
_c21 cm
336 _2rdacontent
_atext
337 _2rdamedia
_aunmediated
338 _2rdacarrier
_avolume
942 _ddc
_cB
999 _c2049
_d2049